000 00576nam a2200229Ia 4500
003 OSt
005 20220924135525.0
006 a|||||r|||| 00| 0
007 ta
008 220923b |||||||| |||| 00| 0 ben d
024 _a291536
037 _cTextual
040 _aARTS
_cARTS
_bben
041 _2ben
_aben
082 _aOI57:g(P:75), M8
100 _aTiwari Rambahal
_9210444
245 0 _aChhand parichay
260 _c1988
650 _aBENGALI LITERATURE
942 _hOI57:g(P:75), M8
_cTEXL
_2CC
999 _c440999
_d440999